<?xml version="1.0" encoding="UTF-8"?>
<record
    xmlns:xsi="http://www.w3.org/2001/XMLSchema-instance"
    xsi:schemaLocation="http://www.loc.gov/MARC21/slim http://www.loc.gov/standards/marcxml/schema/MARC21slim.xsd"
    xmlns="http://www.loc.gov/MARC21/slim">

  <leader>01448nam a2200217 a 4500</leader>
  <controlfield tag="001">000045632</controlfield>
  <controlfield tag="005">20201002052345.0</controlfield>
  <controlfield tag="008">150130s2013    dr ac         000 0 spa d</controlfield>
  <datafield tag="020" ind1=" " ind2=" ">
    <subfield code="a">9789945121513 (v. 7)</subfield>
  </datafield>
  <datafield tag="020" ind1=" " ind2=" ">
    <subfield code="a">9789945121520 (v. 8)</subfield>
  </datafield>
  <datafield tag="040" ind1=" " ind2=" ">
    <subfield code="a">DO-SdBNP</subfield>
    <subfield code="b">spa</subfield>
    <subfield code="c">BNPHU</subfield>
  </datafield>
  <datafield tag="082" ind1=" " ind2=" ">
    <subfield code="a">xxxx</subfield>
    <subfield code="b">xxxx</subfield>
  </datafield>
  <datafield tag="245" ind1="0" ind2="0">
    <subfield code="a">Matem&#xE1;tica :</subfield>
    <subfield code="b">educaci&#xF3;n b&#xE1;sica /.</subfield>
  </datafield>
  <datafield tag="260" ind1=" " ind2=" ">
    <subfield code="a">Santo Domingo :</subfield>
    <subfield code="b">Susaeta ediciones</subfield>
    <subfield code="b">Ministerio de Educaci&#xF3;n,</subfield>
    <subfield code="c">2013.</subfield>
  </datafield>
  <datafield tag="300" ind1=" " ind2=" ">
    <subfield code="a">8 v. :</subfield>
    <subfield code="b">il., retrs. ;</subfield>
    <subfield code="c">28 cm.</subfield>
  </datafield>
  <datafield tag="500" ind1=" " ind2=" ">
    <subfield code="a">educaci&#xF3;n b&#xE1;sica</subfield>
  </datafield>
  <datafield tag="500" ind1=" " ind2=" ">
    <subfield code="a">Edici&#xF3;n especial para el Ministerio de Educaci&#xF3;n</subfield>
  </datafield>
  <datafield tag="500" ind1=" " ind2=" ">
    <subfield code="a">La biblioteca solamente posee el volumen 7 y 8.</subfield>
  </datafield>
  <datafield tag="505" ind1="1" ind2=" ">
    <subfield code="a">v. 7 :</subfield>
    <subfield code="g">unidad 1 --</subfield>
    <subfield code="t">N&#xFA;meros enteros. Operaciones --</subfield>
    <subfield code="g">unidad 2 --</subfield>
    <subfield code="t">M&#xFA;ltiplos y divisores --</subfield>
    <subfield code="g">unidad 3 --</subfield>
    <subfield code="t">Fracciones --</subfield>
    <subfield code="g">unidad 4 --</subfield>
    <subfield code="t">Magnitudes --</subfield>
    <subfield code="g">unidad 5 --</subfield>
    <subfield code="t">Elementos geom&#xE9;tricos --</subfield>
    <subfield code="g">unidad 6 --</subfield>
    <subfield code="t">Pol&#xED;gonos --</subfield>
    <subfield code="g">unidad 7 --</subfield>
    <subfield code="t">Poliedros --</subfield>
    <subfield code="g">unidad 8 --</subfield>
    <subfield code="t">Estad&#xED;stica --</subfield>
    <subfield code="g">unidad 9 --</subfield>
    <subfield code="t">Probabilidades --</subfield>
  </datafield>
  <datafield tag="505" ind1="1" ind2=" ">
    <subfield code="a">v. 8 :</subfield>
    <subfield code="g">unidad 1 --</subfield>
    <subfield code="t">Proporcionalidad num&#xE9;rica --</subfield>
    <subfield code="g">unidad 2 --</subfield>
    <subfield code="t">N&#xFA;meros enteros, racionales, irracionales y reales --</subfield>
    <subfield code="g">unidad 3 --</subfield>
    <subfield code="t">Pre&#xE1;lgebra. Uso de las letras --</subfield>
    <subfield code="g">unidad 4 --</subfield>
    <subfield code="t">Ecuaciones e inecuaciones --</subfield>
    <subfield code="g">unidad 5 --</subfield>
    <subfield code="t">Geometr&#xED;a de coordenadas --</subfield>
    <subfield code="g">unidad 6 --</subfield>
    <subfield code="t">Magnitudes --</subfield>
    <subfield code="g">unidad 7 --</subfield>
    <subfield code="t">Unidades de superficie y de volumen de los cuerpos redondos --</subfield>
    <subfield code="g">unidad 8 --</subfield>
    <subfield code="t">Recolecci&#xF3;n, organizaci&#xF3;n an&#xE1;lisis de informaci&#xF3;n --</subfield>
    <subfield code="g">unidad 9 --</subfield>
    <subfield code="t">Probabilidades --</subfield>
  </datafield>
  <datafield tag="952" ind1=" " ind2=" ">
    <subfield code="0">0</subfield>
    <subfield code="1">0</subfield>
    <subfield code="7">1</subfield>
    <subfield code="8">PD</subfield>
    <subfield code="a">PD</subfield>
    <subfield code="b">PD</subfield>
    <subfield code="c">HD</subfield>
    <subfield code="d">2015-04-17</subfield>
    <subfield code="i">LF1</subfield>
    <subfield code="l">0</subfield>
    <subfield code="o">xxxx xxxx</subfield>
    <subfield code="p">45632-10</subfield>
    <subfield code="r">2020-06-25</subfield>
    <subfield code="w">2020-06-25</subfield>
    <subfield code="y">LFPD</subfield>
    <subfield code="Z">No se presta</subfield>
  </datafield>
  <datafield tag="999" ind1=" " ind2=" ">
    <subfield code="c">45121</subfield>
    <subfield code="d">45121</subfield>
  </datafield>
</record>
